| 000 | 00807nam a2200265Ia 4500 | ||
|---|---|---|---|
| 003 | OSt | ||
| 005 | 20220925212453.0 | ||
| 006 | a|||||r|||| 00| 0 | ||
| 007 | ta | ||
| 008 | 220923b |||||||| |||| 00| 0 eng d | ||
| 037 | _cGeneral Book | ||
| 040 |
_aRTL _cRTL _beng |
||
| 041 |
_2eng _aeng |
||
| 082 | _aX:89K.3.N8, M6 | ||
| 100 |
_aAmin A _9107047 |
||
| 245 | 0 | _aTechnolodgical change, industrial restructuring an | |
| 260 |
_alondon _bAllen & Unwin UK _c1986 |
||
| 300 |
_axii, 291p xii, 291p _ccm. |
||
| 490 | _aCentre for Urban and Regional Development studies | ||
| 500 | _aBibliography chapterwise | ||
| 650 | _aRegional Economics | ||
| 700 |
_a Goddard J B Ed. _9276864 |
||
| 942 |
_hX:89K.3.N8, M6 _cGB _2CC |
||
| 999 |
_c560462 _d560462 |
||